| 000 | 00569nam a2200133 u 4500 | ||
|---|---|---|---|
| 005 | 20210219155757.0 | ||
| 008 | 070913s2006 r 000 0 eng d | ||
| 035 | _aUPN01000151911 | ||
| 111 | 2 |
_aEncuentro Nacional y Regional de Investigación Educativa _n(III y X : _dMarzo 2006 : _cVillahermosa, Tabasco) |
|
| 245 | 1 | 0 |
_aCurrículum y formación docente, las estrategias didácticas de diario de campo e historia de vida / _cAnita Barabtarlo. |
| 260 |
_aVillahermosa, Tabasco : _bUPN, _c2006. |
||
| 500 | _aSolicita el CD-ROM en el Mostrador de Préstamo | ||
| 905 | _aElec | ||
| 999 |
_c124046 _d124046 |
||